| 000 | nam a22 7a 4500 | ||
|---|---|---|---|
| 999 |
_c233741 _d233741 |
||
| 005 | 20170310160604.0 | ||
| 008 | 170310b xxu||||| |||| 00| 0 eng d | ||
| 040 | _c. | ||
| 082 | _aBB-366 | ||
| 100 | _aHinduja, Srichand | ||
| 245 |
_aProceedings of the 33rd International MATADOR Conference _cHinduja, Srichand |
||
| 260 |
_aUK _bSpringer _c2000. |
||
| 300 |
_a544 p. ; _c24 cm. |
||
| 942 |
_2ddc _cBK |
||